000 00389nam a2200157Ia 4500
008 151213s9999 xx 000 0 und d
100 _aPhiliph Hardljy
245 _aThe National Gallery London
_cPhiliph Hardljy
250 _a3rd
260 _aLondon
_bThomas & Hudson
_c1968
300 _a4480 p.
650 _aArts
650 _aReference
700 _aPhiliph Hardljy
999 _c2855
_d2855